000 00390 a2200157 4500
001 75270
020 _a97885081727002
040 _cAnchieta - Colégio São Paulo
100 _aDante, Luiz Roberto
240 1 0 _aProjeto Teláris: matemática, 7º ano
_lpor
245 1 0 _aProjeto Teláris: matemática, 7º ano
300 _a336
362 0 _a2015
650 4 _aMatemática
942 _cBK
999 _c75270
_d75270